000 00580nam a22001697a 4500
005 20251108164847.0
008 250721s1965 xx 000 0 ara d
082 1 4 _a891.55/علي
100 1 _aالشابي، علي
245 1 0 _aالأدب الفارسي في العصر الغزنوي /
264 1 _aتونس :
_bدار النشر،
_c1965.
300 _a390ص.
500 _aإطروحه نال بها صاحبها درجة الدكتوراه في الآداب من جامعة القاهره
650 1 7 _aالأدب الفارسي
942 _2ddc
_cBK
999 _c16083
_d16083